00404nam a2200157Ia 4500008004100000020000700041082001500048100002100063245002300084250000700107260003400114300003400148500000700182600003300189650002400222240925s9999 xx 000 0 und d aNA a796.44 BUT aButt, Qamaruddin 0aPlaying for a Draw aNA aKarachi:bJahaniasonsc,1960. aVarious pagesbN.AfPhotocopy aNA aHumanities & Natural Science aArts and Recreation